[Event "Guernsey op 45th"]
[Site "Vale"]
[Date "2019.10.21"]
[Round "2"]
[White "Havenaar, Jan"]
[Black "White, Nigel"]
[Result "0-1"]
[WhiteElo "2091"]
[BlackElo "1975"]
[PlyCount "80"]
[EventDate "2019.10.20"]
[EventType "swiss"]
[EventRounds "7"]
[EventCountry "GCI"]
[SourceTitle "CBM 192 Extra"]
[Source "Chessbase"]
[SourceDate "2019.11.06"]
[SourceVersion "1"]
[SourceVersionDate "2019.11.06"]
[SourceQuality "1"]

1. Nc3 c5 2. Nf3 Nf6 3. d4 cxd4 4. Nxd4 d6 5. g3 a6 6. Bg2 Qc7 7. 0-0 e5 8. Nb3 Be7 9. Bg5 Nbd7 10. e4 0-0 11. a4 b6 12. Be3 Bb7 13. f3 Rac8 14. Rf2 Rfd8 15. Rd2 Nb8 16. Bh3 Nbd7 17. Qe2 Qc4 18. Qf2 Qc7 19. a5 bxa5 20. Rxa5 Rb8 21. Ra1 Bc8 22. Bf1 Nb6 23. Na5 d5 24. exd5 Nbxd5 25. Nxd5 Nxd5 26. Nb3 Nxe3 27. Qxe3 Rb6 28. Kg2 Re8 29. Bd3 f5 30. Bc4+ Kh8 31. Bd5 h6 32. Ra4 Rb4 33. Rxb4 Bxb4 34. c3 Be7 35. c4 e4 36. f4 Bb7 37. Qa7 Bb4 38. Qxb7 Qxb7 39. Bxb7 Bxd2 40. Nxd2 Rb8 0-1

[Event "Guernsey op 43rd"]
[Site "Vale"]
[Date "2017.10.19"]
[Round "5"]
[White "Havenaar, Jan"]
[Black "Maloberti, David"]
[Result "1/2-1/2"]
[WhiteElo "2030"]
[BlackElo "2132"]
[PlyCount "120"]
[EventDate "2017.10.15"]
[EventType "swiss"]
[EventRounds "7"]
[EventCountry "GCI"]
[SourceTitle "CBM 181 Extra"]
[Source "ChessBase"]
[SourceDate "2017.12.12"]
[SourceVersion "1"]
[SourceVersionDate "2017.12.12"]
[SourceQuality "1"]

1. e4 e6 2. d4 d5 3. Nc3 Bb4 4. Nge2 Nf6 5. Bg5 Be7 6. Qd3 Nxe4 7. Bxe7 Qxe7 8. Nxe4 dxe4 9. Qc3 0-0 10. Ng3 f5 11. 0-0-0 Nc6 12. Bc4 Nb4 13. Rhe1 Nd5 14. Bxd5 exd5 15. Qb3 c6 16. f3 Be6 17. f4 Qc7 18. Ne2 b5 19. Kb1 a5 20. Qe3 b4 21. Rc1 Rfb8 22. Red1 Bc8 23. Ng3 a4 24. Qf2 b3 25. cxb3 axb3 26. a3 Ba6 27. Nxf5 Bd3+ 28. Rxd3 exd3 29. Qe3 Re8 30. Qxd3 Qxf4 31. g3 Qf2 32. Nh4 Re3 33. Qf5 Rf8 34. Qd7 Re2 35. Ka1 Rxb2 36. Qe6+ Kh8 37. Ng6+ hxg6 38. Qh3+ Kg8 39. Qe6+ Qf7 40. Qxf7+ Rxf7 41. Kxb2 Rf2+ 42. Kxb3 Rxh2 43. Rxc6 Rd2 44. Kc3 Ra2 45. Kb4 Rd2 46. Kc5 Rd3 47. Rxg6 Rxa3 48. Kxd5 Kf7 49. Rg4 g5 50. Kd6 Kf6 51. d5 Kf5 52. Rd4 Rxg3 53. Ke7 Ra3 54. d6 g4 55. d7 Ra8 56. Rc4 g3 57. Rc8 Ra7 58. Kd6 Rxd7+ 59. Kxd7 Kf4 60. Rg8 Ke4 1/2-1/2

[Event "Guernsey op"]
[Site "Guernsey"]
[Date "2013.10.21"]
[Round "2"]
[White "Tiviakov, Sergei"]
[Black "Havenaar, Jan"]
[Result "1-0"]
[WhiteElo "2652"]
[BlackElo "2072"]
[PlyCount "77"]
[EventDate "2013.10.20"]
[EventType "swiss"]
[EventRounds "7"]
[EventCountry "GCI"]
[SourceTitle "CBM 157 Extra"]
[Source "ChessBase"]
[SourceDate "2013.12.19"]
[SourceVersion "1"]
[SourceVersionDate "2013.12.19"]
[SourceQuality "1"]

1. e4 c5 2. c3 g6 3. d4 cxd4 4. cxd4 d5 5. e5 Nc6 6. Nc3 Bg7 7. Bb5 e6 8. Nf3 Bd7 9. 0-0 Nge7 10. Bf4 0-0 11. Qd2 Nf5 12. Bg5 f6 13. exf6 Bxf6 14. Bxf6 Qxf6 15. Bxc6 Bxc6 16. Ne5 Rac8 17. Rfe1 Rc7 18. Rad1 g5 19. Ng4 Qg6 20. Re5 Rg7 21. Rde1 Bd7 22. R5e2 Bc8 23. Ne5 Qf6 24. f3 h5 25. Rf2 Qd8 26. Ne2 Rf6 27. Ng3 Nxg3 28. hxg3 Rf8 29. g4 h4 30. f4 gxf4 31. Rxf4 Rxf4 32. Qxf4 Bd7 33. Rf1 Bb5 34. Rf2 Qa5 35. Kh2 Qe1 36. Qf6 Qe3 37. Rf3 Qxd4 38. Qxe6+ Kh7 39. Rf5 1-0

[Event "Haarlem Nova College op-A 12th"]
[Site "Haarlem"]
[Date "2013.06.28"]
[Round "1"]
[White "Van Osch, Mees"]
[Black "Havenaar, Jan"]
[Result "1/2-1/2"]
[WhiteElo "2180"]
[BlackElo "2093"]
[PlyCount "133"]
[EventDate "2013.06.28"]
[EventType "swiss"]
[EventRounds "6"]
[EventCountry "NED"]
[SourceTitle "EXT 2015"]
[Source "ChessBase"]
[SourceDate "2014.11.20"]
[SourceVersion "1"]
[SourceVersionDate "2014.11.20"]
[SourceQuality "1"]

1. e4 c5 2. Nf3 Nf6 3. Nc3 Nc6 4. d4 d5 5. exd5 Nxd5 6. Nxd5 Qxd5 7. Be3 cxd4 8. Nxd4 Nxd4 9. Qxd4 Qxd4 10. Bxd4 Bd7 11. Bc4 Bc6 12. 0-0 e6 13. f3 b6 14. Rad1 Rd8 15. Kh1 h5 16. Be5 f6 17. Rxd8+ Kxd8 18. Rd1+ Kc8 19. Bxe6+ Kb7 20. Bd4 Kc7 21. Rd3 Bd6 22. Bf7 h4 23. h3 Bg3 24. Kg1 Rd8 25. Bf2 Rxd3 26. cxd3 Kd6 27. Bc4 Ke5 28. d4+ Kf4 29. Kf1 Bxf2 30. Kxf2 Bd7 31. Ba6 g5 32. b3 f5 33. Bb7 g4 34. fxg4 fxg4 35. hxg4 Bxg4 36. Bc6 Bf5 37. Ke2 h3 38. gxh3 Bxh3 39. Kd3 Bf1+ 40. Kc3 Kf5 41. Bd7+ Kf6 42. Bg4 Ke7 43. Bf3 Kd6 44. b4 Bb5 45. Kb3 Be8 46. a3 Bb5 47. Kc3 Bf1 48. Kd2 Bh3 49. Ke3 Bf1 50. Ke4 Bc4 51. Kf4 Be6 52. Be4 Bd5 53. Kf5 Bc4 54. Bf3 Bb3 55. Kf4 Bc4 56. Bd1 Bd5 57. Ke3 Bc4 58. Kd2 Bb5 59. Bb3 Bf1 60. Ke3 Bb5 61. Kf4 Bd3 62. Kg5 Be4 63. Kf6 Bf3 64. Kg7 Bg4 65. Kf7 Bh5+ 66. Kf8 Bg6 67. Ba4 1/2-1/2

[Event "Guernsey op 37th"]
[Site "Guernsey"]
[Date "2011.10.22"]
[Round "7"]
[White "Purdon, Colin"]
[Black "Havenaar, Jan"]
[Result "1/2-1/2"]
[WhiteElo "2075"]
[BlackElo "2156"]
[PlyCount "121"]
[EventDate "2011.10.16"]
[EventType "swiss"]
[EventRounds "7"]
[EventCountry "GCI"]
[SourceTitle "EXT 2012"]
[Source "ChessBase"]
[SourceDate "2011.11.24"]
[SourceVersion "1"]
[SourceVersionDate "2011.11.24"]
[SourceQuality "1"]

1. d4 Nf6 2. c4 Nc6 3. Nf3 e6 4. g3 d5 5. Bg2 Rb8 6. b3 Bb4+ 7. Bd2 Be7 8. Bf4 Bb4+ 9. Bd2 Be7 10. cxd5 exd5 11. 0-0 Ne4 12. Bf4 g5 13. Be3 Bf6 14. Nbd2 Nc3 15. Qe1 Nb5 16. Rc1 g4 17. Ne5 Nbxd4 18. Nxc6 Nxc6 19. Bh6 Be6 20. e4 d4 21. Nc4 Ne5 22. Nxe5 Bxe5 23. Qa5 Qd6 24. Qxa7 Kd7 25. Qc5 Qxc5 26. Rxc5 f6 27. Rd1 b6 28. Rc2 Ra8 29. Bf1 c5 30. Be2 Kd6 31. h3 f5 32. Bd3 fxe4 33. Bxe4 Ra7 34. hxg4 Bxg4 35. f3 Be6 36. g4 Rf7 37. Kg2 Bf4 38. Bxf4+ Rxf4 39. Re2 Bd5 40. Bxd5 Kxd5 41. Re7 Rhf8 42. Rd7+ Kc6 43. Rxh7 Rxf3 44. Rh6+ Kd5 45. Rxb6 Rf2+ 46. Kg3 R8f3+ 47. Kh4 Rh2+ 48. Kg5 Rxa2 49. b4 c4 50. Rb8 d3 51. Rd8+ Kc6 52. Rc8+ Kd5 53. Rd8+ Ke5 54. Re1+ Re2 55. Re8+ Kd4 56. R8xe2 dxe2 57. Rxe2 Rb3 58. Kf6 c3 59. g5 Rb2 60. Re8 Rxb4 61. Rc8 1/2-1/2

[Event "Uxbridge e2e4 op"]
[Site "Denham"]
[Date "2011.03.19"]
[Round "3"]
[White "Havenaar, Jan"]
[Black "Jaszkiwskyj, Peter"]
[Result "1-0"]
[WhiteElo "2165"]
[BlackElo "2002"]
[PlyCount "49"]
[EventDate "2011.03.18"]
[EventType "swiss"]
[EventRounds "5"]
[EventCountry "ENG"]
[SourceTitle "CBM 141 Extra"]
[Source "ChessBase"]
[SourceDate "2011.05.03"]
[SourceVersion "1"]
[SourceVersionDate "2011.05.03"]
[SourceQuality "1"]

1. Nc3 d5 2. e4 c6 3. f4 dxe4 4. Nxe4 Nd7 5. Bc4 Ndf6 6. Ng5 e6 7. f5 Nd5 8. Qh5 Qf6 9. fxe6 Qe5+ 10. Ne2 Bxe6 11. d4 Qf5 12. Bd3 Qg4 13. Qxg4 Bxg4 14. c3 Ngf6 15. 0-0 Bd6 16. Nf4 Bxf4 17. Bxf4 h6 18. Rae1+ Kf8 19. Bd6+ Kg8 20. Ne4 Rd8 21. Nxf6+ Nxf6 22. Be7 Re8 23. Bxf6 Rxe1 24. Rxe1 gxf6 25. Re7 1-0

[Event "Uxbridge e2e4 op"]
[Site "Denham"]
[Date "2011.03.19"]
[Round "2"]
[White "McKerracher, Douglas"]
[Black "Havenaar, Jan"]
[Result "1/2-1/2"]
[WhiteElo "1962"]
[BlackElo "2165"]
[PlyCount "74"]
[EventDate "2011.03.18"]
[EventType "swiss"]
[EventRounds "5"]
[EventCountry "ENG"]
[SourceTitle "CBM 141 Extra"]
[Source "ChessBase"]
[SourceDate "2011.05.03"]
[SourceVersion "1"]
[SourceVersionDate "2011.05.03"]
[SourceQuality "1"]

1. e4 c5 2. Nc3 Nc6 3. g3 g6 4. Bg2 Bg7 5. d3 e6 6. f4 Nge7 7. Nf3 0-0 8. 0-0 Rb8 9. Be3 b6 10. d4 cxd4 11. Nxd4 Bb7 12. Qd2 f5 13. Rad1 fxe4 14. Nxe4 Nxd4 15. Bxd4 Bxd4+ 16. Qxd4 Nf5 17. Qd2 b5 18. Rfe1 Bd5 19. a3 a5 20. Ng5 Qb6+ 21. Qf2 Ne7 22. Nf3 Rfc8 23. c3 b4 24. cxb4 axb4 25. axb4 Qxf2+ 26. Kxf2 Rc2+ 27. Re2 Rxe2+ 28. Kxe2 Rxb4 29. Rd2 Nc6 30. Kf2 Kf8 31. Ng5 h6 32. Bxd5 exd5 33. Nf3 Ke7 34. Ne1 Kd6 35. Nd3 Rd4 36. Ke3 Re4+ 37. Kf2 Rd4 1/2-1/2

[Event "Guernsey op 35th"]
[Site "Guernsey"]
[Date "2009.10.20"]
[Round "3"]
[White "Havenaar, Jan"]
[Black "Hamperl, Fred A"]
[Result "1-0"]
[WhiteElo "2176"]
[BlackElo "2046"]
[PlyCount "55"]
[EventDate "2009.10.18"]
[EventType "swiss"]
[EventRounds "7"]
[EventCountry "GCI"]
[SourceTitle "EXT 2010"]
[Source "ChessBase"]
[SourceDate "2010.11.25"]
[SourceVersion "1"]
[SourceVersionDate "2010.11.25"]
[SourceQuality "1"]

1. Nc3 c5 2. Nf3 d6 3. d4 cxd4 4. Nxd4 e5 5. Nf3 Be7 6. Nd5 Nf6 7. e3 Qa5+ 8. Nc3 0-0 9. Be2 Nc6 10. Nd2 Be6 11. 0-0 d5 12. Kh1 Rad8 13. f4 d4 14. exd4 Nxd4 15. Bd3 Rfe8 16. fxe5 Qxe5 17. Nf3 Nxf3 18. Qxf3 Ng4 19. Bf4 Qh5 20. h3 g5 21. Bh2 Bd6 22. Bxd6 Rxd6 23. Kg1 Re7 24. Ne4 Bd5 25. hxg4 Qh4 26. Nf6+ Rxf6 27. Qxf6 Qxg4 28. Rf2 1-0